000
00309nam a22001217a 4500
005
20180217102717.0
008
180217b xxu||||| |||| 00| 0 eng d
041
_a
eng
100
_a
Sahay,Raj
_9
4145
245
_a
Adeem Munda Aur Unka Pradesh
260
_a
Jamesdepur
_b
Adivasi Welfare Society
_c
2017
942
_c
BK
999
_c
5681
_d
5679